Jogadores do Campeonato Brasileiro na Copa América 2024 - Statistics

Estatísticas Gerais
  • Esse quiz foi jogado 101 vezes
  • A pontuação média é 17 de 36
Estatísticas das Respostas
Clube Seleção Jogador % Correto
Flamengo Uruguai Giorgian de Arrascaeta
81%
Atlético Mineiro Chile Eduardo Vargas
80%
Flamengo Uruguai Nicolás de la Cruz
78%
Flamengo Chile Erick Pulgar
74%
Palmeiras Paraguai Gustavo Gómez
72%
Grêmio Venezuela Yeferson Soteldo
72%
Internacional Equador Enner Valencia
70%
Fluminense Colômbia Jhon Arias
66%
Palmeiras Colômbia Richard Ríos
65%
Atlético Mineiro Brasil Guilherme Arana
64%
Flamengo Uruguai Guillermo Varela
64%
Bahia Colômbia Santiago Arias
64%
Flamengo Uruguai Matías Viña
63%
Palmeiras Brasil Endrick
62%
Athletico Paranaense Brasil Bento
61%
Corinthians Paraguai Ángel Romero
60%
São Paulo Brasil Rafael
60%
Athletico Paranaense Uruguai Agustín Canobbio
55%
São Paulo Colômbia James Rodríguez
54%
Internacional Colômbia Rafael Santos Borré
54%
Internacional Uruguai Sergio Rochet
54%
Grêmio Paraguai Matías Villasanti
52%
Botafogo Venezuela Jefferson Savarino
48%
Corinthians Equador Félix Torres
47%
São Paulo Paraguai Damián Bobadilla
37%
Atlético Mineiro Equador Alan Franco
31%
São Paulo Venezuela Nahuel Ferraresi
29%
Santos Venezuela Tomás Rincón
28%
RB Bragantino Equador José Hurtado
19%
Fortaleza Chile Benjamín Kuscevic
17%
Santos Bolívia Miguel Terceros
9%
Fortaleza Venezuela Kervin Andrade
8%
Criciúma Venezuela Wilker Ángel
8%
Cruzeiro Equador José Cifuentes
7%
Cruzeiro Paraguai Fabrizio Peralta
3%
Ponte Preta Bolívia Luis Haquín
2%
Nenhum quiz correspondente encontrado
Distribuição das Pontuações
Porcentagem de Pessoas com Cada Pontuação
Percentil de Números Respondidos
Sua Pontuação Histórica
Você não jogou esse quiz